000 00535nam a2200181 a 4500
005 20140310183600.0
008 111122s19uu xx 00 eng d
020 _a9780240814711
050 _aT 385
_b.C5216 2011
100 _aChopine, Ami
245 _a3D art essentials :
_bthe fundamentals of 3D modeling, texturing. and animation /
_cAmi Chopine.
260 _aAmsterdam :
_bElsevier,
_c2011.
300 _a274 p. :
_bill. ;
_c24 cm.
521 _aMA
650 _aComputer animation
942 _cBK
_2lcc
_kFOR
999 _c25077
_d25077